[Event "XXII C.to Italiano femminile"]
[Site "Formia ITA"]
[Date "1995.07.??"]
[Round "?"]
[White "Arnetta, Maria Teresa"]
[Black "Parrino, Giuseppina"]
[Result "1-0"]
[WhiteElo "1618"]
[BlackElo "1816"]
[PlyCount "63"]
[EventDate "1995.07.20"]

1. e4 c5 2. c3 e6 3. d4 cxd4 4. cxd4 d5 5. e5 Nc6 6. Nf3 Qb6 7. Be2 Bd7 8. Nc3
Nge7 9. Na4 Qc7 10. Nc5 Nf5 11. Nxd7 Qxd7 12. O-O Rc8 13. a3 Qc7 14. Bb5 a6 15.
Bxc6+ Qxc6 16. Bd2 f6 17. Rc1 Qd7 18. Qb3 Be7 19. Rxc8+ Qxc8 20. Rc1 Qb8 21.
Ba5 Kf7 22. Qc2 Qa7 23. Qd3 h5 24. h3 g5 25. g4 hxg4 26. hxg4 Nh4 27. exf6
Nxf3+ 28. Qxf3 Bd6 29. Bb4 Bf4 30. Rd1 Kxf6 31. Bd6 b5 32. Be5+ 1-0

[Event "XXII C.to Italiano femminile"]
[Site "Formia ITA"]
[Date "1995.07.??"]
[Round "?"]
[White "Fittante, Giuliana"]
[Black "Riegler, Alessandra"]
[Result "0-1"]
[WhiteElo "1637"]
[BlackElo "1768"]
[PlyCount "64"]
[EventDate "1995.07.20"]

1. d4 Nf6 2. c4 g6 3. Nc3 d5 4. cxd5 Nxd5 5. e4 Nxc3 6. bxc3 Bg7 7. Bc4 O-O 8.
Ne2 c5 9. Be3 Qc7 10. Rc1 Rd8 11. Qb3 e6 12. d5 exd5 13. exd5 b6 14. O-O Be5
15. h3 Bb7 16. Rcd1 Bd6 17. a4 Nd7 18. Qa2 Ne5 19. Bb3 c4 20. Bc2 Bc5 21. Bf4
Bxd5 22. Rxd5 Rxd5 23. Be4 Rad8 24. Bxd5 Rxd5 25. Re1 Qc8 26. Nc1 Qf5 27. Bxe5
Rxe5 28. Rd1 Qf4 29. Qc2 Rf5 30. Rd2 Re5 31. Rd8+ Kg7 32. Qd2 Qxd2 0-1

[Event "Torneo Zonale"]
[Site "Linares ESP"]
[Date "1995.11.??"]
[Round "1"]
[White "Apicella, Manuel"]
[Black "Godena, Michele"]
[Result "0-1"]
[WhiteElo "2555"]
[BlackElo "2420"]
[PlyCount "94"]
[EventDate "1995.11.11"]

1. e4 e5 2. Nf3 Nc6 3. Bb5 a6 4. Ba4 Nf6 5. O-O b5 6. Bb3 Bc5 7. c3 d6 8. d4
Bb6 9. h3 Bb7 10. Re1 O-O 11. Bg5 h6 12. Bh4 Re8 13. d5 Nb8 14. Nh2 Nbd7 15.
Ng4 Kh7 16. Qf3 g5 17. Bg3 Nxg4 18. Qxg4 Nf6 19. Qf3 Rg8 20. Nd2 h5 21. Nf1 h4
22. Bh2 g4 23. hxg4 Nxg4 24. Ne3 Bxe3 25. fxe3 Rg7 26. a4 bxa4 27. Bxa4 Qg5 28.
Bd7 Rag8 29. Re2 Kh8 30. Rf1 Bc8 31. Bxc8 Rxc8 32. Qh3 Rcg8 33. Bg3 Rh7 34. Be1
Qg6 35. Qf3 h3 36. g3 Qh5 37. b4 Rg6 38. Ra2 Rf6 39. Qe2 Rxf1+ 40. Qxf1 Qg6 41.
Qf3 Nf6 42. Rxa6 Nxe4 43. Kh1 Rh6 44. Ra2 Nf6 45. c4 Qg4 46. Rf2 Qxc4 47. g4
Nxg4 0-1

[Event "Torneo Zonale"]
[Site "Linares ESP"]
[Date "1995.11.??"]
[Round "1"]
[White "Arlandi, Ennio"]
[Black "Gurevich, Mikhail N."]
[Result "1/2-1/2"]
[WhiteElo "2455"]
[BlackElo "2585"]
[PlyCount "81"]
[EventDate "1995.11.11"]

1. d4 Nf6 2. c4 e6 3. Nc3 Bb4 4. Qc2 c5 5. dxc5 Bxc5 6. Nf3 Qb6 7. e3 Qc7 8. a3
a6 9. b4 Be7 10. e4 d6 11. Be2 b6 12. O-O Bb7 13. Bf4 Nbd7 14. Rac1 O-O 15.
Rfd1 Rfd8 16. Rd2 Ne5 17. Nxe5 dxe5 18. Rxd8+ Rxd8 19. Be3 Rc8 20. f3 h6 21.
Bf1 Nd7 22. Rd1 Bc6 23. Qd2 Rd8 24. Qc1 a5 25. bxa5 bxa5 26. Nb5 Qb8 27. Qc3 a4
28. Qa5 f5 29. exf5 exf5 30. Qxa4 f4 31. Bf2 e4 32. fxe4 Nc5 33. Rxd8+ Qxd8 34.
Qa7 Nxe4 35. Bd4 f3 36. Qc7 Qe8 37. Na7 f2+ 38. Bxf2 Qf8 39. Qc8 Nxf2 40. Nxc6
Bc5 41. Ne7+ 1/2-1/2

[Event "Torneo Zonale"]
[Site "Linares ESP"]
[Date "1995.11.??"]
[Round "2"]
[White "Gentilleau, Jean-Philippe"]
[Black "Marinelli, Tullio"]
[Result "0-1"]
[WhiteElo "2225"]
[BlackElo "2440"]
[PlyCount "94"]
[EventDate "1995.11.11"]

1. Nf3 Nf6 2. c4 b6 3. g3 Bb7 4. Bg2 e6 5. O-O Be7 6. b3 O-O 7. Bb2 d6 8. d3 c5
9. Nbd2 Nc6 10. a3 Rc8 11. b4 d5 12. b5 Nb8 13. Ne5 Nbd7 14. Nc6 Bxc6 15. bxc6
Nb8 16. e4 dxe4 17. dxe4 Nxc6 18. e5 Nd7 19. f4 f5 20. Nf3 Qc7 21. Kh1 Rfd8 22.
Qc2 Nf8 23. Rad1 Nd4 24. Bxd4 cxd4 25. Nxd4 Qxc4 26. Qxc4 Rxc4 27. Nc6 Rxd1 28.
Rxd1 Bxa3 29. Nxa7 Kf7 30. Nb5 Rc1 31. Nd6+ Kg8 32. Rxc1 Bxc1 33. Bc6 g5 34.
fxg5 Bxg5 35. Bb5 Be3 36. Bc4 f4 37. Nf5 Bd2 38. Nd4 Kf7 39. Kg2 fxg3 40. hxg3
Bc3 41. Nf3 h6 42. g4 Ng6 43. g5 h5 44. Be2 Nf4+ 45. Kf2 Nxe2 46. Kxe2 b5 47.
Kd3 b4 0-1

[Event "Torneo Zonale"]
[Site "Linares ESP"]
[Date "1995.11.??"]
[Round "3"]
[White "Arlandi, Ennio"]
[Black "Wells, Peter K."]
[Result "1/2-1/2"]
[WhiteElo "2455"]
[BlackElo "2545"]
[PlyCount "49"]
[EventDate "1995.11.11"]

1. d4 Nf6 2. c4 e6 3. Nc3 Bb4 4. Qc2 O-O 5. a3 Bxc3+ 6. Qxc3 Ne4 7. Qc2 f5 8.
e3 c5 9. Bd3 Qg5 10. g3 b6 11. f3 Qf6 12. Nh3 Nd6 13. dxc5 bxc5 14. Rf1 Nc6 15.
Ng1 Rb8 16. Rb1 Ne5 17. Be2 Bb7 18. b3 Qh6 19. Bd1 Ne4 20. Rb2 Qxh2 21. Qxh2
Nd3+ 22. Ke2 Nxc1+ 23. Ke1 Nd3+ 24. Ke2 Nc1+ 25. Ke1 1/2-1/2

[Event "Torneo Zonale"]
[Site "Linares ESP"]
[Date "1995.11.??"]
[Round "3"]
[White "Godena, Michele"]
[Black "Van der Sterren, Paul"]
[Result "1-0"]
[WhiteElo "2420"]
[BlackElo "2545"]
[PlyCount "135"]
[EventDate "1995.11.11"]

1. e4 e5 2. Nf3 Nc6 3. Nc3 Nf6 4. d4 exd4 5. Nxd4 Bb4 6. Nxc6 bxc6 7. Bd3 O-O
8. O-O d5 9. exd5 cxd5 10. Bg5 c6 11. Ne2 h6 12. Bh4 Bd6 13. Kh1 c5 14. c3 Rb8
15. b3 Rb6 16. Qc2 Bb7 17. Rad1 Re8 18. f3 Bf8 19. Rfe1 Qc8 20. Qd2 g6 21. Nc1
Bg7 22. Rxe8+ Qxe8 23. Bf2 Nd7 24. Re1 Re6 25. Bb5 Rxe1+ 26. Qxe1 Qxe1+ 27.
Bxe1 Nf8 28. Nd3 Ne6 29. Bd7 c4 30. bxc4 dxc4 31. Nb2 Ba6 32. Na4 Kf8 33. Bf2
Ke7 34. Bc6 Kd6 35. Be8 Ke7 36. Bc6 Nd8 37. Bc5+ Ke6 38. Be8 Nb7 39. Bxa7 Ke7
40. Bc6 Kd6 41. Be4 Bb5 42. Bb8+ Ke6 43. Nb6 Na5 44. Bd5+ Ke7 45. Nc8+ Kd7 46.
Nd6 Ba6 47. Ne4 Kc8 48. Bf4 f5 49. Nc5 Bb5 50. Bd2 Be8 51. Ne6 Bf6 52. Nd4 Kd7
53. Nc2 Kd6 54. Bg8 Ke7 55. Ne3 Bf7 56. Nd5+ Bxd5 57. Bxd5 g5 58. Kg1 Kd6 59.
Bg8 f4 60. Kf1 Bd8 61. Bc1 Ke5 62. Ba3 Kf6 63. Bc5 h5 64. Bd5 g4 65. Ke2 Bc7
66. Kd2 Bd8 67. Bd6 Kf5 68. Kc2 1-0

[Event "Torneo Zonale"]
[Site "Linares ESP"]
[Date "1995.11.??"]
[Round "3"]
[White "Marinelli, Tullio"]
[Black "Sosonko, Gennadi P."]
[Result "0-1"]
[WhiteElo "2440"]
[BlackElo "2525"]
[PlyCount "97"]
[EventDate "1995.11.11"]

1. d4 Nf6 2. c4 e6 3. Nc3 Bb4 4. e3 c5 5. Bd3 Nc6 6. Nf3 d5 7. O-O O-O 8. a3
Bxc3 9. bxc3 Qc7 10. cxd5 exd5 11. Nh4 Qa5 12. Bd2 Ne4 13. Be1 c4 14. Bb1 Qd8
15. g3 Bh3 16. Ng2 f5 17. f3 Nd6 18. Nf4 Bxf1 19. Kxf1 Qa5 20. h4 Rae8 21. Kf2
Nd8 22. Bc2 Ne6 23. Ng2 g6 24. Bd2 Rf7 25. Qb1 h6 26. Qb2 Rfe7 27. Re1 g5 28.
Bb1 Rf7 29. hxg5 hxg5 30. Bc2 Qc7 31. Rh1 Rh7 32. Rxh7 Qxh7 33. g4 Rf8 34. gxf5
Nxf5 35. Qb5 Rd8 36. Qb1 Neg7 37. Qxb7 Qh2 38. Bxf5 Nxf5 39. Qc6 Kg7 40. f4 Rd6
41. Qc7+ Kg6 42. Qc8 gxf4 43. Qg8+ Kh5 44. exf4 Rg6 45. Qxd5 Qg3+ 46. Kf1 Kg4
47. Ne1 Qh2 48. Qf3+ Kh4 49. Qf2+ 0-1

[Event "Torneo Zonale"]
[Site "Linares ESP"]
[Date "1995.11.??"]
[Round "4"]
[White "Magem Badals, Jordi"]
[Black "Arlandi, Ennio"]
[Result "1/2-1/2"]
[WhiteElo "2560"]
[BlackElo "2455"]
[PlyCount "84"]
[EventDate "1995.11.11"]

1. e4 c6 2. d4 d5 3. e5 Bf5 4. Nf3 e6 5. Be2 c5 6. Be3 Nd7 7. O-O a6 8. c4 dxc4
9. Bxc4 b5 10. Bd3 Ne7 11. Nc3 c4 12. Bxf5 Nxf5 13. d5 Bb4 14. dxe6 fxe6 15.
Nd4 Nxd4 16. Qxd4 Bxc3 17. bxc3 O-O 18. Rfd1 Rf7 19. a4 Qc8 20. h3 Nf8 21. axb5
axb5 22. Rxa8 Qxa8 23. Qb6 Qb7 24. Rd6 Rd7 25. Qc5 Rxd6 26. exd6 Qd5 27. Qc7 h6
28. Qe7 e5 29. Kh2 Qe6 30. f4 exf4 31. Bxf4 Qf7 32. Bg3 Nd7 33. Qe4 g6 34. Qc6
Qf5 35. Qc8+ Kf7 36. Qd8 Ke6 37. Qe7+ Kd5 38. Qe3 h5 39. Qd4+ Kc6 40. Qa7 Kd5
41. Qa8+ Ke6 42. Qe8+ Kd5 1/2-1/2

[Event "Torneo Zonale"]
[Site "Linares ESP"]
[Date "1995.11.??"]
[Round "5"]
[White "Van der Wiel, John T.H."]
[Black "Arlandi, Ennio"]
[Result "1-0"]
[WhiteElo "2555"]
[BlackElo "2455"]
[PlyCount "71"]
[EventDate "1995.11.11"]

1. e4 c6 2. d4 d5 3. Nd2 dxe4 4. Nxe4 Nd7 5. Bc4 Ngf6 6. Nxf6+ Nxf6 7. c3 Qc7
8. Ne2 e6 9. Qd3 Bd6 10. Bg5 Nd5 11. Bh4 b6 12. Bg3 Bb7 13. a3 h5 14. Bxd5 cxd5
15. Bxd6 Qxd6 16. Qg3 Qxg3 17. hxg3 Ke7 18. Kd2 g6 19. Nf4 a5 20. Rae1 Kf6 21.
Nd3 Kg7 22. Ne5 Rae8 23. Nd3 f6 24. g4 hxg4 25. Rxh8 Kxh8 26. Nf4 g5 27. Rxe6
Rxe6 28. Nxe6 Kg8 29. b4 axb4 30. cxb4 Bc6 31. g3 Kh7 32. Nc7 Kg6 33. b5 Bb7
34. a4 Kf7 35. a5 bxa5 36. Na6 1-0

[Event "Torneo Zonale"]
[Site "Linares ESP"]
[Date "1995.11.??"]
[Round "6"]
[White "Arlandi, Ennio"]
[Black "Galego, Luis"]
[Result "1/2-1/2"]
[WhiteElo "2455"]
[BlackElo "2430"]
[PlyCount "69"]
[EventDate "1995.11.11"]

1. d4 d6 2. Nf3 Nf6 3. c4 Nbd7 4. Nc3 e5 5. e4 c6 6. Be2 Be7 7. O-O O-O 8. Re1
Re8 9. Bf1 Bf8 10. Bg5 h6 11. Bh4 Qb6 12. Rb1 g5 13. Bg3 Bg7 14. d5 cxd5 15.
cxd5 Nf8 16. Nd2 Bg4 17. Be2 Bxe2 18. Qxe2 Rec8 19. Nc4 Qc5 20. Ne3 Ng6 21. f3
Nf4 22. Qf1 a6 23. Bf2 Bf8 24. g3 N4h5 25. Rec1 Qb4 26. Nf5 b5 27. Ne2 Qa5 28.
g4 Nf4 29. Nxf4 gxf4 30. Qh3 Qd2 31. Rd1 Qe2 32. Re1 Qd2 33. Red1 Qe2 34. Re1
Qd2 35. Red1 1/2-1/2

[Event "Torneo Zonale"]
[Site "Linares ESP"]
[Date "1995.11.??"]
[Round "6"]
[White "Cacho Reigadas, Sergio"]
[Black "Marinelli, Tullio"]
[Result "1-0"]
[WhiteElo "2400"]
[BlackElo "2440"]
[PlyCount "97"]
[EventDate "1995.11.11"]

1. d4 Nf6 2. c4 e6 3. Nc3 Bb4 4. Qc2 d5 5. cxd5 exd5 6. Bg5 c5 7. a3 cxd4 8.
axb4 dxc3 9. Qxc3 Nbd7 10. Qd4 h6 11. Bh4 O-O 12. e3 Re8 13. Bxf6 Qxf6 14. Qxf6
Nxf6 15. Nf3 Re6 16. Nd4 Rb6 17. b5 a6 18. f3 Nd7 19. Kd2 Nc5 20. b4 Ne6 21.
Nc2 Bd7 22. bxa6 bxa6 23. Ra5 Nd8 24. Bd3 Nc6 25. Rxd5 Be6 26. Rd6 Rab8 27. Rb1
Kf8 28. Be4 Ne5 29. Rxb6 Rxb6 30. Nd4 Nc4+ 31. Ke2 Bd7 32. Bd3 Ne5 33. Kd2 Nc6
34. Nxc6 Bxc6 35. Kc3 Ke7 36. Ra1 Bb7 37. Ra5 Rc6+ 38. Kd4 Rd6+ 39. Kc4 Re6 40.
Rc5 Kd6 41. Kd4 Re8 42. e4 f6 43. Bc4 Rb8 44. Kc3 g5 45. Rf5 Ke7 46. e5 Rf8 47.
exf6+ Rxf6 48. Rxf6 Kxf6 49. Kd4 1-0

[Event "Torneo Zonale"]
[Site "Linares ESP"]
[Date "1995.11.??"]
[Round "6"]
[White "Renet, Olivier"]
[Black "Godena, Michele"]
[Result "1/2-1/2"]
[WhiteElo "2520"]
[BlackElo "2420"]
[PlyCount "73"]
[EventDate "1995.11.11"]

1. e4 e5 2. Nf3 Nc6 3. Bb5 a6 4. Ba4 Nf6 5. O-O b5 6. Bb3 Bc5 7. d3 d6 8. a4
Bb7 9. Nc3 b4 10. Nd5 Nxd5 11. Bxd5 O-O 12. c3 bxc3 13. bxc3 Rb8 14. Rb1 Ba8
15. Rxb8 Qxb8 16. Ba2 Ne7 17. Qc2 Ba7 18. Bg5 Qe8 19. Bc4 a5 20. Qb3 h6 21. Be3
Bxe3 22. fxe3 Bc6 23. Bb5 Qb8 24. Nd2 Qa7 25. d4 Bxb5 26. axb5 a4 27. Qc4 a3
28. Ra1 Ra8 29. Ra2 Qb7 30. Qb4 Ng6 31. c4 exd4 32. exd4 Nf4 33. Rxa3 Rxa3 34.
Qxa3 Ne2+ 35. Kf2 Nxd4 36. Qa6 Qb8 37. Nf3 1/2-1/2

[Event "Torneo Zonale"]
[Site "Linares ESP"]
[Date "1995.11.??"]
[Round "7"]
[White "Arlandi, Ennio"]
[Black "Gomez Esteban, Juan Mario"]
[Result "0-1"]
[WhiteElo "2455"]
[BlackElo "2425"]
[PlyCount "46"]
[EventDate "1995.11.11"]

1. d4 Nf6 2. c4 e6 3. Nc3 d5 4. cxd5 exd5 5. Bg5 Be7 6. e3 h6 7. Bh4 O-O 8. Bd3
Re8 9. Qc2 c5 10. Nge2 Nc6 11. a3 cxd4 12. exd4 Ng4 13. Bxe7 Rxe7 14. Rd1 Qd6
15. h3 Nh2 16. Nb5 Qb8 17. Bf5 Qf4 18. Bxc8 Rxc8 19. Qd2 Rce8 20. Nbc3 Qc7 21.
Qd3 Nxd4 22. Qxd4 Qxc3+ 23. Rd2 Qc1+ 0-1

[Event "Torneo Zonale"]
[Site "Linares ESP"]
[Date "1995.11.??"]
[Round "7"]
[White "Godena, Michele"]
[Black "Piket, Jeroen"]
[Result "1/2-1/2"]
[WhiteElo "2420"]
[BlackElo "2625"]
[PlyCount "56"]
[EventDate "1995.11.11"]

1. e4 e5 2. Nf3 Nc6 3. Nc3 Nf6 4. d4 exd4 5. Nxd4 Bb4 6. Nxc6 bxc6 7. Bd3 d5 8.
exd5 cxd5 9. O-O O-O 10. Bg5 c6 11. Qf3 Bd6 12. Na4 Be5 13. Bf4 Bg4 14. Qe3
Bxf4 15. Qxf4 Qa5 16. Qd4 Rfe8 17. f3 Bh5 18. Nc5 Qb6 19. b4 Nd7 20. Nb3 Ne5
21. Qxb6 axb6 22. a4 f6 23. Kf2 Rec8 24. Bf5 Rc7 25. a5 bxa5 26. Rxa5 Rb8 27.
Nc5 Re7 28. c3 Bg6 1/2-1/2

[Event "Torneo Zonale"]
[Site "Linares ESP"]
[Date "1995.11.??"]
[Round "8"]
[White "Berend, Fred"]
[Black "Marinelli, Tullio"]
[Result "0-1"]
[WhiteElo "2415"]
[BlackElo "2440"]
[PlyCount "110"]
[EventDate "1995.11.11"]

1. e4 c5 2. Nc3 d6 3. g3 Nc6 4. Bg2 g6 5. f4 Bg7 6. Nf3 e6 7. d3 Nge7 8. O-O
O-O 9. Be3 Nd4 10. Bf2 Rb8 11. e5 Nxf3+ 12. Qxf3 b6 13. exd6 Qxd6 14. Qe2 Qc7
15. a4 Bb7 16. Rad1 Bxg2 17. Kxg2 Nf5 18. Rd2 Qd7 19. a5 Nd4 20. Bxd4 cxd4 21.
Ne4 bxa5 22. c4 dxc3 23. bxc3 Rfc8 24. d4 Qd5 25. Qf3 f5 26. Ng5 Rxc3 27. Qxd5
exd5 28. Ra1 Rb5 29. Ne6 Rc6 30. Re1 Bf6 31. Nd8 Rd6 32. Ne6 Kf7 33. Nc7 Rb4
34. Ne8 Rd7 35. Nxf6 Kxf6 36. Rc1 Rc4 37. Rb1 a4 38. Rb5 Rd6 39. Rb7 a6 40. Re2
Re6 41. Rxe6+ Kxe6 42. Rb6+ Kd7 43. Rxa6 Rxd4 44. h4 Kc7 45. h5 gxh5 46. Kf3
Kb7 47. Rh6 a3 48. Rxh7+ Kb6 49. Rxh5 a2 50. Rh1 Rd3+ 51. Kg2 Ra3 52. Ra1 d4
53. Kh3 d3 54. g4 d2+ 55. Kh4 fxg4 0-1

[Event "Torneo Zonale"]
[Site "Linares ESP"]
[Date "1995.11.??"]
[Round "8"]
[White "Magem Badals, Jordi"]
[Black "Godena, Michele"]
[Result "1/2-1/2"]
[WhiteElo "2560"]
[BlackElo "2420"]
[PlyCount "39"]
[EventDate "1995.11.11"]

1. e4 e5 2. Nf3 Nc6 3. Bb5 a6 4. Bxc6 dxc6 5. O-O Qd6 6. Na3 Be6 7. Qe2 f6 8.
c3 Bg4 9. Nc4 Qe6 10. Ne3 Bxf3 11. Qxf3 c5 12. Rd1 O-O-O 13. Nc2 c4 14. d4 cxd3
15. Rxd3 Rxd3 16. Qxd3 Bc5 17. b4 Ba7 18. Be3 Bxe3 19. Nxe3 Nh6 20. Rd1 1/2-1/2

[Event "Torneo Zonale"]
[Site "Linares ESP"]
[Date "1995.11.??"]
[Round "8"]
[White "Santo-Roman, Marc"]
[Black "Arlandi, Ennio"]
[Result "0-1"]
[WhiteElo "2485"]
[BlackElo "2455"]
[PlyCount "64"]
[EventDate "1995.11.11"]

1. e4 c6 2. d4 d5 3. e5 Bf5 4. Nf3 e6 5. Be2 Nd7 6. O-O a6 7. Be3 Rc8 8. Nbd2
c5 9. c4 dxc4 10. Nxc4 b5 11. Nd6+ Bxd6 12. exd6 c4 13. d5 e5 14. Bd2 Qb6 15.
Bc3 Qxd6 16. Re1 f6 17. Nh4 Bg6 18. f4 Ne7 19. Bg4 O-O 20. fxe5 fxe5 21. Nxg6
Nxg6 22. Qd2 Rcd8 23. Rad1 Nf4 24. Bxd7 Rxd7 25. Bxe5 Qc5+ 26. Qd4 Ne2+ 27.
Rxe2 Rxd5 28. Rf2 Rxd4 29. Bxd4 Qc6 30. Rxf8+ Kxf8 31. a3 a5 32. Rf1+ Kg8 0-1

[Event "Torneo Zonale"]
[Site "Linares ESP"]
[Date "1995.11.??"]
[Round "9"]
[White "Hebden, Mark L."]
[Black "Marinelli, Tullio"]
[Result "1-0"]
[WhiteElo "2570"]
[BlackElo "2440"]
[PlyCount "45"]
[EventDate "1995.11.11"]

1. e4 c5 2. Nc3 d6 3. f4 Nc6 4. Nf3 g6 5. Bb5 Bd7 6. O-O Bg7 7. d3 Nd4 8. Bxd7+
Qxd7 9. Kh1 e6 10. Bd2 Ne7 11. Nxd4 cxd4 12. Ne2 O-O 13. c3 Qb5 14. c4 Qxb2 15.
Rb1 Qxa2 16. Rxb7 Nc6 17. f5 gxf5 18. exf5 Rab8 19. Rc7 Rb2 20. Nc1 Qa6 21. f6
Bh8 22. Bh6 Rc8 23. Qa4 1-0

[Event "Torneo Zonale"]
[Site "Linares ESP"]
[Date "1995.11.??"]
[Round "9"]
[White "Illescas Cordoba, Miguel"]
[Black "Godena, Michele"]
[Result "1-0"]
[WhiteElo "2620"]
[BlackElo "2420"]
[PlyCount "81"]
[EventDate "1995.11.11"]

1. d4 d5 2. c4 e6 3. Nf3 c6 4. Nc3 Nf6 5. Bg5 h6 6. Bxf6 Qxf6 7. e3 Nd7 8. Bd3
Bd6 9. O-O Qe7 10. c5 Bc7 11. e4 dxe4 12. Nxe4 O-O 13. Re1 b6 14. Qc2 bxc5 15.
dxc5 Rd8 16. Rad1 Ne5 17. Nxe5 Bxe5 18. g3 Rb8 19. b3 Rb7 20. Bf1 Rbd7 21. b4
Rxd1 22. Rxd1 Rxd1 23. Qxd1 Qd7 24. Nd6 Kf8 25. f4 Bxd6 26. cxd6 Qb7 27. Qd4 f6
28. a4 Ke8 29. Bg2 Qa6 30. Qc5 Bd7 31. a5 Kd8 32. Bf1 Qb7 33. Kf2 Kc8 34. h4
Kd8 35. g4 Be8 36. Bc4 Bd7 37. g5 Qb8 38. gxf6 gxf6 39. Be2 Qb7 40. Qd4 e5 41.
fxe5 1-0

[Event "Torneo Zonale"]
[Site "Linares ESP"]
[Date "1995.11.??"]
[Round "9"]
[White "Kelly, Brian"]
[Black "Arlandi, Ennio"]
[Result "1-0"]
[WhiteElo "2300"]
[BlackElo "2455"]
[PlyCount "81"]
[EventDate "1995.11.11"]

1. c4 e5 2. g3 Nf6 3. Bg2 d5 4. cxd5 Nxd5 5. Nc3 Nb6 6. Nf3 Nc6 7. O-O Be7 8.
Rb1 a5 9. d3 O-O 10. b3 f5 11. Bb2 Bf6 12. Nb5 Be6 13. a3 Rf7 14. Qc2 Rd7 15.
Ba1 Rb8 16. Rfc1 Nc8 17. Nd2 Bd5 18. Bh3 g6 19. Nc4 Nd6 20. Nbxd6 cxd6 21. e4
Be6 22. d4 exd4 23. exf5 Bf7 24. fxg6 Bxg6 25. Bf5 Kg7 26. Kg2 Qg8 27. Bxg6
hxg6 28. Nd2 Re8 29. Nf3 Rde7 30. Qc4 d5 31. Qb5 Qf7 32. Qd3 Re4 33. Rc2 Qe6
34. h4 Re7 35. Rd1 Qg4 36. Rcd2 Qf5 37. Qb5 g5 38. hxg5 Bxg5 39. Nxd4 Nxd4 40.
Rxd4 Rxd4 41. Rxd4 1-0

[Event "Torneo Zonale"]
[Site "Linares ESP"]
[Date "1995.11.??"]
[Round "10"]
[White "Arlandi, Ennio"]
[Black "Gentilleau, Jean-Philippe"]
[Result "1-0"]
[WhiteElo "2455"]
[BlackElo "2225"]
[PlyCount "63"]
[EventDate "1995.11.11"]

1. d4 c5 2. d5 f5 3. Nf3 Nf6 4. c4 g6 5. Nc3 d6 6. e3 Bg7 7. Bd3 O-O 8. O-O
Nbd7 9. e4 fxe4 10. Nxe4 Nxe4 11. Bxe4 Nf6 12. Bd3 Kh8 13. Ng5 Ng4 14. Qe2 b5
15. cxb5 Ne5 16. Bc2 a6 17. f4 Bg4 18. Qe1 Nf7 19. h3 Bd7 20. Ne6 Bxe6 21. dxe6
Nh6 22. bxa6 Rxa6 23. g4 d5 24. f5 gxf5 25. g5 Ng8 26. Bxf5 Ra4 27. Bd2 Qe8 28.
Bc2 Rd4 29. Bc3 Rxf1+ 30. Qxf1 Qh5 31. Qf5 Qe2 32. Qxh7# 1-0

[Event "Torneo Zonale"]
[Site "Linares ESP"]
[Date "1995.11.??"]
[Round "10"]
[White "Godena, Michele"]
[Black "Hebden, Mark L."]
[Result "1-0"]
[WhiteElo "2420"]
[BlackElo "2570"]
[PlyCount "41"]
[EventDate "1995.11.11"]

1. e4 e5 2. Nf3 Nc6 3. Bb5 a6 4. Bxc6 dxc6 5. O-O Qd6 6. Na3 b5 7. c3 c5 8. Nc2
Ne7 9. a4 b4 10. Ne3 Nc6 11. cxb4 cxb4 12. b3 Be6 13. Bb2 f6 14. Rc1 O-O-O 15.
Qc2 Kb7 16. d4 exd4 17. Bxd4 Na5 18. e5 Qd7 19. exf6 Bxb3 20. Qe4+ Kb8 21. fxg7
1-0

[Event "Torneo Zonale"]
[Site "Linares ESP"]
[Date "1995.11.??"]
[Round "10"]
[White "Marinelli, Tullio"]
[Black "Ribeiro, Fernando"]
[Result "1-0"]
[WhiteElo "2440"]
[BlackElo "2305"]
[PlyCount "89"]
[EventDate "1995.11.11"]

1. d4 d6 2. c4 e5 3. Nc3 exd4 4. Qxd4 Nc6 5. Qd2 Nf6 6. g3 g6 7. Bg2 Bg7 8. b3
O-O 9. Bb2 Re8 10. Nh3 Bxh3 11. Bxh3 Ne4 12. Nxe4 Bxb2 13. Qxb2 Rxe4 14. Bg2
Re5 15. O-O Qf8 16. Rad1 Rae8 17. e3 Qg7 18. Rd2 R5e7 19. Qxg7+ Kxg7 20. c5
dxc5 21. Bxc6 bxc6 22. Rc1 Re5 23. Rd7 a5 24. Rxc7 a4 25. bxa4 Ra8 26. Rc4 Ra6
27. g4 Kf8 28. Kg2 h6 29. Kg3 Re7 30. Rc8+ Kg7 31. Rd8 Rea7 32. Rxc5 Rxa4 33.
Rxc6 Rxa2 34. Rcc8 R2a5 35. Rg8+ Kf6 36. Rc6+ Ke7 37. h4 h5 38. gxh5 Rxh5 39.
Rcxg6 Ra1 40. Rg4 Rg1+ 41. Kh2 Rb1 42. Re4+ Kf6 43. Rf4+ Ke6 44. Re8+ Kd7 45.
Rf8 1-0

[Event "Torneo Zonale"]
[Site "Linares ESP"]
[Date "1995.11.??"]
[Round "11"]
[White "Hebden, Mark L."]
[Black "Arlandi, Ennio"]
[Result "0-1"]
[WhiteElo "2570"]
[BlackElo "2455"]
[PlyCount "74"]
[EventDate "1995.11.11"]

1. d4 d5 2. Nf3 e6 3. Bg5 Be7 4. Bxe7 Qxe7 5. c4 Nf6 6. Nc3 O-O 7. e3 Nbd7 8.
Rc1 c6 9. a3 Rd8 10. Qc2 a6 11. cxd5 exd5 12. Bd3 Nf8 13. Na4 Ne4 14. Nb6 Rb8
15. Bxe4 dxe4 16. Nd2 f5 17. Qc5 Qxc5 18. Rxc5 Be6 19. Nb1 Nd7 20. Nxd7 Rxd7
21. Kd2 Bd5 22. Rhc1 Kf7 23. b4 Ke6 24. R5c2 g5 25. Nc3 Rd6 26. h4 gxh4 27. Rh1
Rg8 28. Rxh4 Rxg2 29. Rxh7 Rxf2+ 30. Ne2 Rd7 31. Rh6+ Ke7 32. Ke1 Rf3 33. Rc3
Kd8 34. Rh8+ Kc7 35. Nf4 Kb6 36. Rh5 Rg7 37. Rh1 Rgg3 0-1

[Event "Torneo Zonale"]
[Site "Linares ESP"]
[Date "1995.11.??"]
[Round "11"]
[White "Hodgson, Julian M."]
[Black "Godena, Michele"]
[Result "1-0"]
[WhiteElo "2590"]
[BlackElo "2420"]
[PlyCount "79"]
[EventDate "1995.11.11"]

1. d4 d5 2. Bg5 h6 3. Bh4 c6 4. Nf3 Qb6 5. Qc1 Bg4 6. Nbd2 Nd7 7. e3 e6 8. c4
Be7 9. Bg3 Ngf6 10. Bd3 Bxf3 11. gxf3 c5 12. cxd5 exd5 13. O-O O-O 14. dxc5
Nxc5 15. Bf5 Ne6 16. Nb3 Nh5 17. Be5 g6 18. Bh3 Bf6 19. f4 Bxe5 20. fxe5 d4 21.
exd4 Nxd4 22. Qxh6 Nf3+ 23. Kh1 Nxe5 24. f4 Nd3 25. f5 Nf2+ 26. Rxf2 Qxf2 27.
fxg6 fxg6 28. Qxg6+ Ng7 29. Be6+ Rf7 30. Nd4 Re8 31. Bxf7+ Qxf7 32. Qg2 Kh8 33.
Rf1 Qc4 34. Nf3 Re2 35. Qg3 Rxb2 36. Rg1 Qf7 37. Qb8+ Qe8 38. Qc7 Qf8 39. Nh4
Rb6 40. Qxb6 1-0

[Event "Festival Seprio A"]
[Site "Castiglione Olona ITA"]
[Date "1995.12.??"]
[Round "1"]
[White "Barlocco, Carlo"]
[Black "Contin, Daniel"]
[Result "0-1"]
[WhiteElo "2160"]
[BlackElo "2365"]
[PlyCount "128"]
[EventDate "1995.12.27"]

1. e4 c5 2. Nf3 e6 3. d4 cxd4 4. Nxd4 Nf6 5. Nc3 d6 6. Bd3 a6 7. a4 Nc6 8. Be3
Be7 9. O-O O-O 10. Kh1 Nxd4 11. Bxd4 e5 12. Be3 Be6 13. f4 Ng4 14. Bg1 exf4 15.
Rxf4 Ne5 16. Nd5 Bg5 17. Rf1 Bxd5 18. exd5 g6 19. a5 Rc8 20. Ra3 Re8 21. Bb6
Qd7 22. c3 f5 23. Be2 Qg7 24. Bd4 Qh6 25. Rb3 Rc7 26. Rb6 Bf4 27. Bg1 Nd7 28.
Rb4 Be3 29. Bf3 Nc5 30. Rb6 Bxg1 31. Rxg1 Qe3 32. Qc1 Qe5 33. Qd2 Rf7 34. Rf1
Ree7 35. Kg1 Ne4 36. Qd4 Qxd4+ 37. cxd4 Nd2 38. Rc1 Rd7 39. Kf2 Rfe7 40. b3 Kf7
41. h4 Ne4+ 42. Ke3 Nf6+ 43. Kd3 f4 44. Rc2 Re3+ 45. Kd2 h6 46. Rc3 Rxc3 47.
Kxc3 g5 48. hxg5 hxg5 49. Kd3 g4 50. Be4 Nxe4 51. Kxe4 f3 52. Ke3 Re7+ 53. Kf2
Re2+ 54. Kf1 Rxg2 55. Rxd6 Rb2 56. Rd7+ Kf6 57. Rd8 Kf5 58. Rg8 Kf4 59. d6 Rb1+
60. Kf2 g3+ 61. Rxg3 Rb2+ 62. Ke1 Kxg3 63. d7 f2+ 64. Kf1 Kf3 0-1

[Event "Festival Seprio A"]
[Site "Castiglione Olona ITA"]
[Date "1995.12.??"]
[Round "1"]
[White "Djuric, Stefan"]
[Black "Satta, Vladimiro"]
[Result "1-0"]
[WhiteElo "2470"]
[BlackElo "2300"]
[PlyCount "118"]
[EventDate "1995.12.27"]

1. e4 e6 2. d4 d5 3. Nc3 Nf6 4. Bg5 Be7 5. e5 Nfd7 6. Bxe7 Qxe7 7. f4 O-O 8.
Nf3 c5 9. Bd3 f6 10. exf6 Nxf6 11. dxc5 Qxc5 12. Qd2 Nc6 13. O-O-O Bd7 14. Kb1
Rae8 15. Rhe1 a6 16. h3 Nh5 17. Ng5 g6 18. Rf1 Qd6 19. Ne2 Nb4 20. g4 Nf6 21.
Nf3 Nxd3 22. cxd3 d4 23. Nexd4 Nd5 24. Ne5 Nxf4 25. Ndf3 Bb5 26. Qe3 Rd8 27.
Ng5 Qd4 28. Rf3 h6 29. Qe4 Qxe4 30. Nxe4 Rd5 31. a4 Bxa4 32. Rdf1 g5 33. Nc3
Rxe5 34. Nxa4 Rd8 35. Rc1 Rxd3 36. Rc8+ Kf7 37. Rc7+ Kf6 38. Rxd3 Nxd3 39. Nb6
Rb5 40. Rxb7 Rxb2+ 41. Ka1 Rb5 42. Nd7+ Ke7 43. Ra7 Kd6 44. Nf8 Ra5+ 45. Kb1
Nf2 46. Rd7+ Ke5 47. Rg7 Kf6 48. Rh7 e5 49. Kc2 Ra3 50. Nd7+ Ke6 51. Nc5+ Kd5
52. Nb3 Ra2+ 53. Kb1 Re2 54. Rxh6 Re3 55. Kc2 Rxh3 56. Rxa6 Nxg4 57. Rg6 Ne3+
58. Kd2 g4 59. Ke2 Ke4 1-0